| 000 | 00525nam a22001817a 4500 | ||
|---|---|---|---|
| 999 |
_c10185 _d10185 |
||
| 003 | AR-CdUCM | ||
| 008 | 190329b ||||| |||| 00| 0 spa d | ||
| 040 |
_aMUNICIPALIDAD PROVINCIAL DEL CUSCO _cBIBLIOTECA MUNICIPAL DEL CUSCO |
||
| 082 |
_aES / 800 / _bS75 |
||
| 100 |
_aSpyri, Juana _926891 |
||
| 245 | _aLos niños Gritli / | ||
| 260 |
_aBarcelona : _bMateu, _c1961. |
||
| 300 |
_a255 páginas ; _c19.5 cm. |
||
| 440 |
_aJuvenil cadete _926892 |
||
| 650 |
_aObras literarias. _9403 |
||
| 942 |
_2ddc _cLIBROS |
||
| 945 | _awfj | ||